| 000 | 00371nam a2200145Ia 4500 | ||
|---|---|---|---|
| 008 | 240624s9999 xx 000 0 und d | ||
| 041 | _aeng | ||
| 082 | _a657 KAP | ||
| 100 | _aKAPLAN ROBERT S | ||
| 245 | _aADVANCED MANAGEMENT ACCOUNTING | ||
| 250 | _a(2nd ed.) | ||
| 260 |
_c2003 _aNew Delhi _bPrentice-Hall of India |
||
| 300 | _axiv, : 817 : p. : cm. ; 23 | ||
| 365 | _cRS | ||
| 999 |
_c538 _d538 |
||